000 00627nam a2200241Ia 4500
003 OSt
005 20221005132949.0
006 a|||||r|||| 00| 0
007 ta
008 221004b |||||||| |||| 00| 0 tam d
024 _a48809
037 _cTextual
040 _aCRL
_cCRL
_btam
041 _2tam
_atam
082 _aO31,1M26(Y15), N9
100 _aRaja Gopalan Sarla Au.
_9641886
245 0 _aVedanayakar pottiya
260 _c1999
650 _a TAMIL POETRY
650 _aTAMIL LITERATURE
942 _hO31,1M26(Y15), N9
_cTEXL
_2cc
999 _c1065316
_d1065316